10 Smallest Countries in the World - Statistics

General Stats
  • This quiz has been taken 104 times
  • The average score is 7 of 10
Answer Stats
Land Area Country % Correct
0.19 Vatican City
99%
0.78 Monaco
93%
24 San Marino
92%
62 Liechtenstein
90%
8.1 Nauru
74%
10 Tuvalu
72%
122 Malta
66%
101 Saint Kitts and Nevis
62%
115 Maldives
50%
70 Marshall Islands
49%
No matching quizzes found
Score Distribution
Percent of People with Each Score
Percentile by Number Answered
Your Score History
You have not taken this quiz